<The> Impact of Fiscal and Monetary Policy on Economic Growth and Cyclical Development of Economy

Komparatívna analýza rôznych prístupov k efektívnej aplikácii nástrojov fiškálnej a monetárnej politiky a možnosť ich praktickej aplikácie.

Gespeichert in:
Bibliographische Detailangaben
1. Verfasser: Lisý, Ján
Format: Buchkapitel
Sprache:Englisch
Schlagworte:
Tags: Tag hinzufügen
Keine Tags, Fügen Sie das erste Tag hinzu!

MARC

LEADER 00000naa$a2200000$$$4500
001 0246038
005 20240712111207.4
041 0 |a eng 
044 |a RU 
245 1 0 |a <The> Impact of Fiscal and Monetary Policy on Economic Growth and Cyclical Development of Economy  |c Ján Lisý 
500 |a Abstrakt 
520 |a Komparatívna analýza rôznych prístupov k efektívnej aplikácii nástrojov fiškálnej a monetárnej politiky a možnosť ich praktickej aplikácie. 
610 2 0 |a politika fiškálna 
610 2 0 |a politika menová 
610 2 0 |a nástroje politiky menovej 
610 2 0 |a rast hospodársky 
610 2 0 |a cykly hospodárske 
610 2 0 |a teórie ekonomické 
610 2 0 |a analýza komparatívna 
100 1 |a Lisý, Ján